000 00572nam a2200169 a 4500
008 120416s1990 ||||||||||||||||| || u
020 _a0408023740
050 _aTH 9031 Bru
100 _aBrundrett, Geoffrey Wilmot
245 1 0 _aCriteria for moisture control
260 _aLondon:
_bButterworths
_c1990
300 _aix, 217p. : ill.
350 _a0.00
650 _aMoisture
650 _aDAMPNESS IN BUILDINGS
995 _D0.00
_FCBU-MAIN LIBRARY (Kitwe)
_H1
_I6.95
_UAVAILABLE
_ZMain Library Open Access Collection
999 _c39200
_d39200